000 00623nam a2200193Ia 4500
003 LDD
008 190117s9999 xx 000 0 und d
020 _a9788126703395
_c₹295
040 _cLDD
041 _ahi
082 _a8H7.7 प6474वै-7
100 _aपरसाई, हरिशंकर
245 0 _aवैष्णव की फिसलन
_cहरिशंकर परसाई
260 _aनई दिल्ली
_bराजकमल
_c2016
300 _a103p.
901 _aKKP
904 _aReqst by : J. M. Parekh
942 _2ddc
_cH
999 _c162941
_d162941